000 00673nam a2200277Ia 4500
005 20260324144701.0
008 008 260324s9999 xx 000 0 eng d
020 _a9780429036705
037 _aEBOOK
040 _aCRL
040 _beng
040 _cCRL
041 _2eng
041 _aeng
084 _qCRL
100 _aDetlev CHR. Dicke
_91219460
245 0 _aForeign Debts In The Present And A New International Economic Order
260 _bTaylor and Francis
260 _c1987
365 _a
365 _b230
856 _uhttp://www.taylorfrancis.com/books/9780429036705
942 _cEBOOK
999 _c1827145
_d1827145